Gemas
Gardado en:
| Autor Principal: | |
|---|---|
| Formato: | Libro |
| Idioma: | Undetermined |
| Publicado: |
Tegucigalpa, Honduras
Talleres Tipográficos
1935
|
| Edición: | 3 |
| Materias: | |
| Etiquetas: |
Engadir etiqueta
Sen Etiquetas, Sexa o primeiro en etiquetar este rexistro!
|
MARC
| LEADER | 00000nam a2200000Ia 4500 | ||
|---|---|---|---|
| 008 | 170316s9999 xx 000 0 und d | ||
| 040 | |a cru BVZT | ||
| 090 | |a 860 O-2g | ||
| 100 | |a Ochoa-Alcantara, Antonio | ||
| 245 | |a Gemas | ||
| 250 | |a 3 | ||
| 260 | |a Tegucigalpa, Honduras | ||
| 260 | |b Talleres Tipográficos | ||
| 260 | |c 1935 | ||
| 300 | |a 136 páginas | ||
| 650 | |a LITERATURA LATINOAMERICANA | ||
| 999 | |c 9034 |d 9034 | ||
| 942 | |c 15 D |h 860 O-2g |2 z | ||
